000 00309nam a2200097 4500
245 _aOxford book of ballads, newly selected and edited by James Kinsley
_cJames Kinsley
100 _aKinsley, James
260 _aOxford
_bClarendon Press
_c1969 [ reprinted 1971]
300 _axvi, 711p.; 19cm.
082 _a821.04
_bKIN
999 _c1068
_d1068